000 00474nam a2200181Ia 4500
001 17093
005 20260306170359.0
008 260306t2013||||xx |||||||||||||| ||und||
041 _aESP
082 _a657.45
_bV78 V. 2
100 _aVizcarra Moscoso, Jaime Ernesto
_eAUT
245 0 _aNIA - Manual de normas internacionales de auditoría y control de calidad
260 _c2013
300 _a
_c25 cm.
650 _aGEN
654 _aCCO
942 _cLIB
_dJUS
_fJUS
_2ddc
_n
999 _c17093
_d17093